[Event "Kaissa Open"]
[Site "Kharkov UKR"]
[Date "2002.01.27"]
[Round "6"]
[White "Rybakov,S UKR"]
[Black "Kononenko,D"]
[Result "0-1"]
[WhiteElo "2144"]
[BlackElo "2272"]

1.d4 Nf6 2.c4 e6 3.Nf3 Bb4+ 4.Nbd2 b6 5.g3 Bb7 6.Bg2 O-O 7.O-O Bxd2 8.Bxd2 d6
9.b3 Nbd7 10.Bc3 Ne4 11.Bb2 f5 12.e3 Qe7 13.Qe2 Rae8 14.Rfd1 Ndf6 15.Ne1 c5
16.Nd3 Ng5 17.f4 Nge4 18.a3 g5 19.b4 g4 20.dxc5 bxc5 21.bxc5 Nxc5 22.Nxc5 dxc5
23.Be5 Bxg2 24.Qxg2 Ne4 25.Rab1 Rd8 26.Ba1 Rxd1+ 27.Rxd1 Rd8 28.Qc2 Rxd1+
29.Qxd1 Qd6 30.Qa4 Qd8 31.Be5 Nd2 32.Kf2 Ne4+ 33.Kg1 Kf8 34.Qb3 Nd2 35.Qb8 Qxb8
36.Bxb8 Ke7 37.Bxa7 Kd6 38.Kf2 Nxc4 39.a4 Nb2 40.a5 Kc6 41.Ke2 Na4 42.a6 Kb5
43.Kd3 Kxa6 44.Bb8 Kb5 45.Be5 c4+ 46.Kc2 Kc5 47.Bd4+ Kd5 48.Kd2 Nc5 49.Kc3 Ne4+
50.Kc2 Nd6 51.Kd2 Nb5 52.Be5 Ke4  0-1

[Event "Petrov Mem Open"]
[Site "St Petersburg RUS"]
[Date "2002.02.14"]
[Round "3"]
[White "Psakhis,L"]
[Black "Kovalov,S"]
[Result "1-0"]
[WhiteElo "2572"]
[BlackElo "2351"]

1.d4 Nf6 2.Nf3 e6 3.c4 Bb4+ 4.Nbd2 b6 5.a3 Bxd2+ 6.Qxd2 a5 7.b3 Bb7 8.e3 Ne4
9.Qc2 f5 10.Bb2 O-O 11.Be2 d6 12.O-O Nd7 13.Ne1 Qg5 14.d5 e5 15.f4 Qe7 16.Nf3 c6
17.dxc6 Bxc6 18.Rad1 Rac8 19.b4 Rc7 20.Bd3 axb4 21.axb4 Ra8 22.Ra1 Rac8 23.Qe2 h6
24.Qe1 g6 25.Ra3 Kh7 26.Qh4 Qxh4 27.Nxh4 exf4 28.exf4 d5 29.Nf3 dxc4 30.Bxc4 b5
31.Be6 Re8 32.Nd4 Nf8 33.Ba2 Bd7 34.Rd1 Nd6 35.Rad3 Nc4 36.Bc3 Ra8 37.Bb3 Ra3
38.Re1 Raa7 39.Re7+ Kg8 40.Rxd7 Nxd7 41.Nxb5  1-0

[Event "XVIII Open"]
[Site "Cappelle la Grande FRA"]
[Date "2002.02.15"]
[Round "7"]
[White "Pushkov,N"]
[Black "Galianina Ryjanova,J"]
[Result "0-1"]
[WhiteElo "2516"]
[BlackElo "2333"]

1.d4 Nf6 2.Nf3 e6 3.c4 Bb4+ 4.Nbd2 b6 5.a3 Bxd2+ 6.Bxd2 Bb7 7.Bg5 d6 8.e3 Nbd7
9.Be2 h6 10.Bh4 g5 11.Bg3 h5 12.h3 Ne4 13.d5 Qf6 14.Qc2 Nxg3 15.fxg3 O-O-O
16.Nd4 Qe5 17.Nc6 Qxg3+ 18.Kd2 Bxc6 19.dxc6 Nb8 20.Rhf1 Rdf8 21.b4 Nxc6 22.Qe4 d5
23.cxd5 exd5 24.Qf5+ Kb8 25.Rf3 Qd6 26.Qxg5 Rhg8 27.Qh4 Rxg2 28.Rc1 d4 29.e4 d3
30.Rxd3 Nd4 31.Qxh5 Qf4+  0-1

[Event "ch-Serbia"]
[Site "Leskovac YUG"]
[Date "2002.02.18"]
[Round "4"]
[White "Irizanin,R"]
[Black "Bogosavljevic,B"]
[Result "1-0"]
[WhiteElo "2099"]
[BlackElo "2273"]

1.d4 Nf6 2.c4 e6 3.Nf3 Bb4+ 4.Nbd2 b6 5.a3 Bxd2+ 6.Qxd2 Bb7 7.e3 O-O 8.Be2 a5
9.b3 a4 10.b4 d6 11.O-O Nbd7 12.Bb2 Ne4 13.Qc2 f5 14.Rfd1 Qf6 15.c5 Bd5 16.Bc4 Bxc4
17.Qxc4 bxc5 18.bxc5 Rfb8 19.Rab1 d5 20.Qc2 c6 21.Bc3 Ndxc5 22.Rxb8+ Rxb8
23.Bb4 Na6 24.Qxa4 Nxb4 25.axb4 Nc3 26.Qa7 Qf8 27.Ra1 Qxb4 28.g3 Ne4 29.Ne5 h6
30.Nxc6 Qc3 31.Nxb8 Ng5 32.Nd7 Qd2 33.Qb8+  1-0

[Event "TCh-ISR"]
[Site "ISR"]
[Date "2002.03.09"]
[Round "6"]
[White "Khmelniker,I"]
[Black "Finkel,A"]
[Result "1/2-1/2"]
[WhiteElo "2199"]
[BlackElo "2487"]

1.d4 Nf6 2.c4 e6 3.Nf3 Bb4+ 4.Nbd2 Qe7 5.a3 Bxd2+ 6.Qxd2 d6 7.g3 O-O 8.Bg2 e5
9.O-O Re8 10.b4 e4 11.Ne1 d5 12.c5 Nbd7 13.Nc2 Nf8 14.Ne3 c6 15.f4 Ng4 16.f5 Qg5
17.h3 Nxe3 18.Qxe3 Qxe3+ 19.Bxe3 b6 20.g4 Ba6 21.Kf2 Reb8 22.Rfc1 Rc8 23.a4 Nd7
24.Rab1 b5 25.a5 f6 26.Bf4 Kf7 27.h4 h6 28.Bh3 Rh8 29.Ke3 Nf8 30.Rf1 Bc8
31.Rf2 a6 32.Rg1 Bd7 33.Rg3 Nh7  1/2-1/2

[Event "TCh-ISR"]
[Site "ISR"]
[Date "2002.03.15"]
[Round "7"]
[White "Greenfeld,A"]
[Black "Lerner,K"]
[Result "1-0"]
[WhiteElo "2574"]
[BlackElo "2569"]

1.d4 Nf6 2.c4 e6 3.Nf3 Bb4+ 4.Nbd2 b6 5.a3 Bxd2+ 6.Bxd2 Bb7 7.Bg5 d6 8.Nd2 c5
9.dxc5 bxc5 10.e3 Nbd7 11.f3 O-O 12.Be2 Ne5 13.Qc2 h6 14.Bh4 Ng6 15.Bg3 Qb6
16.O-O a5 17.Rad1 Rfd8 18.Nb1 Nh5 19.Bf2 d5 20.Nc3 Rac8 21.Rd2 d4 22.Nb5 e5
23.Qf5 Nf6 24.exd4 cxd4 25.b4 axb4 26.axb4 Bc6 27.c5 Qb8 28.Nd6 Rxd6 29.cxd6 Bd7
30.Qb1 Nf4 31.Rc1 Rxc1+ 32.Qxc1 Qxb4 33.Bc4 Qxd6 34.Bg3 N6h5 35.Ra2 Be6 36.Qb1 d3
37.Bxe6 Qxe6 38.Rd2 f5 39.Kf1 e4 40.Bxf4 Nxf4 41.Qb8+ Kh7 42.Qxf4 g5 43.Qe3 Qc4
44.fxe4 fxe4 45.g3 Kg6 46.Kg2 Qc6 47.Rf2 Qd5 48.h3 Qb7 49.Qd4 Qc6 50.Qe5  1-0

[Event "57th ch-YUG"]
[Site "Banja Koviljaca YUG"]
[Date "2002.03.19"]
[Round "4"]
[White "Kosic,D"]
[Black "Ilincic,Z"]
[Result "1/2-1/2"]
[WhiteElo "2511"]
[BlackElo "2534"]

1.d4 Nf6 2.c4 e6 3.Nf3 Bb4+ 4.Nbd2 O-O 5.a3 Bxd2+ 6.Bxd2 b6 7.g3 Bb7 8.Bg2 d6
9.O-O Nbd7 10.b4 Qe7 11.Qc2 Be4 12.Qb2 c6 13.Rfc1 Rfc8 14.Bf4 Nh5 15.Bg5 Nhf6
16.c5 bxc5 17.dxc5 d5 18.Bf4 a6 19.Bf1 h6 20.Ne5 Nxe5 21.Bxe5 Ne8 22.f3 Bg6
23.Re1 f6 24.Bc3 e5 25.e4 dxe4 26.fxe4 Rd8 27.Qf2 Nc7 28.a4 Rd7 29.Rac1 Bf7
30.Qe3 Be6 31.Be2 Rad8 32.Rcd1 Qf7 33.Rxd7 Rxd7 34.Rd1 Rxd1+ 35.Bxd1 Bb3
36.Qd2 Bxd1 37.Qxd1 Qe7 38.Qd3 Kf8 39.Kg2 Ke8 40.Qc4 Qe6 41.Qxe6+ Nxe6 42.Kf3 h5
43.h4 g6 44.Ke3 Kd7 45.Kd3 Nc7 46.Bd2 Ke6 47.Kc4 f5 48.exf5+ Kxf5 49.Kd3 Nd5
50.Be1 Ke6 51.Bd2 Ne7 52.Kc4 Nf5 53.Be1 Ne3+ 54.Kd3 Nf5 55.Kc4 Ne3+ 56.Kd3 Nd5
57.Kc4 Nc7 58.Bc3 Kf5 59.Kd3 Ne6 60.Ke3 Nc7 61.Kd3 Ne6 62.Ke3 g5 63.hxg5 Nxg5
64.Kd3 Ne6 65.Kc4 Nc7 66.Kd3 Nd5 67.Be1 Ke6 68.Bd2 Ne7 69.Kc4 Nf5 70.Be1 e4
71.Bf2 Ke5 72.b5 axb5+ 73.axb5 cxb5+ 74.Kxb5 e3 75.Be1 Kd5 76.Kb4 Nd4 77.Kc3 Ke4
78.Kc4 Nc6 79.Bc3 e2 80.Bd2 Ne5+ 81.Kc3 Kf3 82.Kd4 Nc6+ 83.Kd5 Nb8 84.Be1 Kg2
85.Ke5 Kf1 86.Bc3 Kf2 87.Kf4 Nc6 88.Kg5 Kxg3 89.Kxh5 Kf3 90.Kg5 Ke3 91.Kg4 Nd4
92.Kh3 Nf3 93.c6 Nd2 94.Bxd2+ Kxd2 95.c7  1/2-1/2

[Event "4th Rector Cup"]
[Site "Kharkov UKR"]
[Date "2002.03.24"]
[Round "3"]
[White "Kempinski,R"]
[Black "Gershon,A"]
[Result "1/2-1/2"]
[WhiteElo "2576"]
[BlackElo "2558"]

1.d4 Nf6 2.c4 e6 3.Nf3 Bb4+ 4.Nbd2 b6 5.a3 Bxd2+ 6.Qxd2 a5 7.b3 Bb7 8.Bb2 O-O
9.e3 d6 10.Be2 Nbd7 11.O-O Qe7 12.Rad1 Be4 13.Qc3 c6 14.Nd2 Bg6 15.Bf3 d5
16.Rfe1 Rfc8 17.e4 dxe4 18.Nxe4 Bxe4 19.Bxe4 Nxe4 20.Rxe4 Nf6 21.Re5 b5 22.h3 a4
23.bxa4 bxc4  1/2-1/2

[Event "4th Rector Cup"]
[Site "Kharkov UKR"]
[Date "2002.03.27"]
[Round "7"]
[White "Kempinski,R"]
[Black "Moiseenko,A"]
[Result "0-1"]
[WhiteElo "2576"]
[BlackElo "2559"]

1.d4 Nf6 2.c4 e6 3.Nf3 Bb4+ 4.Nbd2 b6 5.a3 Bxd2+ 6.Qxd2 Bb7 7.b4 O-O 8.Bb2 a5
9.b5 d6 10.e3 Nbd7 11.Be2 Ne4 12.Qd3 f5 13.O-O Rf6 14.d5 Rg6 15.Rad1 e5 16.Qc2 Ndc5
17.Ne1 Qh4 18.f4 Re8 19.Bc1 Bc8 20.Bd3 Bd7 21.Bb2 Nxd3 22.Qxd3 Rh6 23.Nf3 Qh5
24.Rc1 Nc5 25.Qc3 Na4 26.Qc2 Nxb2 27.Qxb2 e4 28.Nd4 Qxh2+ 29.Kf2 Rg6 30.Rg1 Qg3+  0-1

[Event "TCh-ISR"]
[Site "ISR"]
[Date "2002.04.12"]
[Round "8"]
[White "Huzman,A"]
[Black "Kosashvili,Y"]
[Result "1-0"]
[WhiteElo "2580"]
[BlackElo "2535"]

1.Nf3 Nf6 2.c4 e6 3.d4 Bb4+ 4.Nbd2 b6 5.a3 Bxd2+ 6.Qxd2 Bb7 7.e3 d6 8.Be2 Nbd7
9.O-O Qe7 10.b4 O-O 11.Bb2 c5 12.Rfd1 Rfd8 13.bxc5 bxc5 14.Qa5 Rdc8 15.Rac1 Rc6
16.Nd2 Rb6 17.Ba1 e5 18.dxe5 dxe5 19.f3 Nf8 20.Nf1 Ng6 21.Ng3 Nh4 22.Rd2 Nd7
23.Rcd1 Nf8 24.Rb2 Rxb2 25.Bxb2 f5 26.Qd2 Re8 27.Kf2 Qg5 28.Bc1 Nhg6 29.Qc2 f4
30.Ne4 Qh4+ 31.Kg1 fxe3 32.Bxe3 Bxe4 33.Qxe4 Qxe4 34.fxe4 Ne6 35.Bg4 Nd4
36.Rb1 Nf4 37.Rb7 Rf8 38.g3 h5 39.Bd1 Nd3 40.Bxh5 Nc2 41.Bd2 Rf2 42.Bg6 Nd4
43.Rb8+ Rf8 44.Rxf8+ Kxf8 45.Bh5 Nb2 46.Bc1 Nxc4 47.Bd1 Nd6 48.Kf2 Nxe4+
49.Ke3 Nd6 50.Kd3 Ke7 51.Bg4 e4+ 52.Kc3 N6b5+ 53.Kc4 Kd6 54.a4 Nc7 55.Bf4+ Kc6
56.Bxc7 Kxc7 57.Kxc5 Nf3 58.h4 a5 59.Kd5 Nd2 60.Be2 Nb3 61.Bb5 e3 62.Ke4 Kd6
63.Kxe3 Ke5 64.Kd3 Nc5+ 65.Kc4 Ne4 66.g4 Nf6 67.g5 Ne4 68.Bc6 Nd6+ 69.Kc5 g6
70.Kb6 Kd4 71.Kxa5 Kc5 72.Bf3 Nf5 73.h5 gxh5 74.Bxh5 Ne7 75.Bf3  1-0

[Event "XX Open"]
[Site "Metz FRA"]
[Date "2002.04.16"]
[Round "4"]
[White "Chatalbashev,B"]
[Black "Vaillant,S"]
[Result "1-0"]
[WhiteElo "2529"]
[BlackElo "2100"]

1.d4 e6 2.c4 Nf6 3.Nf3 Bb4+ 4.Nbd2 b6 5.a3 Bxd2+ 6.Qxd2 Bb7 7.e3 d6 8.Be2 Nbd7
9.O-O O-O 10.b4 a5 11.Bb2 axb4 12.axb4 Qe7 13.Qc2 c5 14.Qb3 Bc6 15.Nd2 Rfb8
16.dxc5 dxc5 17.b5 Bb7 18.Bf3 Qd8 19.Bxb7 Rxb7 20.Rad1 Qe7 21.Nb1 Nf8 22.Be5 Rd8
23.Nc3 Rbd7 24.Na4 Rxd1 25.Rxd1 Rxd1+ 26.Qxd1 Qa7 27.h4 h6 28.Bxf6 gxf6 29.Nc3 f5
30.e4 Qa5 31.Qb1 fxe4 32.Nxe4 Kg7 33.Qb2+ Kh7 34.Nf6+ Kg6 35.Qe5 h5 36.Qg5+  1-0

[Event "Open"]
[Site "Dubai UAE"]
[Date "2002.04.17"]
[Round "3"]
[White "Anastasian,A"]
[Black "Navabi,S"]
[Result "1-0"]
[WhiteElo "2591"]
[BlackElo "2059"]

1.d4 Nf6 2.c4 e6 3.Nf3 Bb4+ 4.Nbd2 c5 5.a3 Bxd2+ 6.Qxd2 Ne4 7.Qc2 f5 8.dxc5 Nxc5
9.g3 d6 10.Bg2 O-O 11.O-O Nc6 12.Rd1 Qc7 13.b4 Ne4 14.Bb2 e5 15.Nh4 g5 16.Nf3 Be6
17.c5 dxc5 18.b5 Nd4 19.Nxd4 exd4 20.Rxd4 Qf7 21.Rxe4 fxe4 22.Qxc5 Qg6 23.Qe5 Rae8
24.Bxe4 Bf5 25.Bd5+ Be6 26.Rc1 Bxd5 27.Qxd5+ Qe6 28.Rc7 Qxd5 29.Rg7+  1-0

[Event "59th ch-POL"]
[Site "Warsaw POL"]
[Date "2002.04.29"]
[Round "1"]
[White "Kempinski,R"]
[Black "Bartel,Mat"]
[Result "0-1"]
[WhiteElo "2570"]
[BlackElo "2417"]

1.d4 Nf6 2.c4 e6 3.Nf3 Bb4+ 4.Nbd2 b6 5.a3 Bxd2+ 6.Qxd2 Bb7 7.e3 O-O 8.Be2 d6
9.O-O Ne4 10.Qd3 f5 11.b4 Nd7 12.Bb2 Rf6 13.d5 Rg6 14.Rad1 e5 15.Qc2 Rh6
16.g3 g5 17.Nd2 Ndf6 18.f4 Nxd2 19.Qxd2 gxf4 20.exf4 e4 21.Qd4 Qe7 22.Rfe1 Qg7
23.c5 Rf8 24.Rd2 Rg6 25.Bc4 h5 26.Kh1 Kh7 27.c6 Bc8 28.Rg1 Rg8 29.Rdd1 Qh6
30.Be2 h4 31.gxh4 Qxh4 32.Rxg6 Rxg6 33.Rg1 Rh6 34.Rg2 Qxf4 35.Qg1 Ng4 36.Bxg4 fxg4
37.Rf2 Qg5 38.Rf7+ Kg8 39.Rxc7 Qf5 40.Qg2 e3 41.Bc1 Rh3 42.Kg1 Rf3 43.Qe2 Qf8
44.Bb2 Qe8 45.Qd3 Bf5 46.Qc3 Qe5 47.Qc1 Rg3+  0-1

[Event "3rd Open"]
[Site "Backa Palanka YUG"]
[Date "2002.05.06"]
[Round "5"]
[White "Jeremic,V"]
[Black "Lajthajm,B"]
[Result "1/2-1/2"]
[WhiteElo "2482"]
[BlackElo "2419"]

1.d4 Nf6 2.c4 e6 3.Nf3 Bb4+ 4.Nbd2 O-O 5.g3 b6 6.Bg2 Bb7 7.O-O Bxd2 8.Bxd2 Be4
9.Rc1 d6 10.Re1 Nbd7 11.Bc3 Qc8 12.Bf1 Re8 13.Nd2 Bb7 14.e4 e5 15.d5 a5 16.f4 c6
17.Bg2 Nc5 18.fxe5 dxe5 19.Nf1 Qg4 20.Qxg4 Nxg4 21.Rcd1 Na4 22.Rd3 Rad8 23.b3 Nxc3
24.Rxc3 c5 25.a3 Re7 26.Rb1 Nf6 27.Nd2 Ne8 28.b4 axb4 29.axb4 Nd6 30.Ra3 g6
31.Bf1 Kf8 32.Bd3 Rc7 33.bxc5 bxc5 34.Nf3 f6 35.g4 g5 36.Kf2 Ke7 37.Nd2 Bc8
38.Kg3 Bb7 39.Ra5 Rh8 40.h4 gxh4+ 41.Kxh4 Rg8 42.Be2  1/2-1/2

[Event "TCh-NOR Finals"]
[Site "Oslo NOR"]
[Date "2002.05.10"]
[Round "3"]
[White "David,Ed"]
[Black "Thanke,B"]
[Result "1-0"]
[WhiteElo "2150"]
[BlackElo "2154"]

1.d4 Nf6 2.c4 e6 3.Nf3 Bb4+ 4.Nbd2 b6 5.e3 Bb7 6.Bd3 c5 7.O-O cxd4 8.exd4 O-O
9.a3 Be7 10.b4 a5 11.bxa5 Rxa5 12.Qb3 d6 13.Bb2 Nbd7 14.Rfe1 Qa8 15.Bc3 Rh5
16.Bb4 Re8 17.Qc2 d5 18.Bxe7 Rxe7 19.cxd5 Nxd5 20.Ne4 Nf4 21.Bf1 Nf6 22.Nxf6+ gxf6
23.Re3 Qb8 24.h3 Qa8 25.Ne1 Rg5 26.Rg3 Rd7 27.Qb2 Rxg3 28.fxg3 Nd5 29.Rc1 Qf8
30.Bb5 Rd8 31.Nf3 Qh6 32.Qd2 Qg7 33.Bc4 f5 34.Bxd5 Bxd5 35.Ne5 f6 36.Nd3 Qg5
37.Qc3 h5 38.h4 Qg4 39.Qc7 Ra8 40.Nf4 Qg7 41.Qxb6 Qa7 42.Rc8+  1-0

[Event "Match Olympiad Hopes Schev"]
[Site "Belgrade YUG"]
[Date "2002.06.28"]
[Round "3"]
[White "Zivanic,M"]
[Black "Ilincic,Z"]
[Result "1-0"]
[WhiteElo "2450"]
[BlackElo "2534"]

1.d4 Nf6 2.c4 e6 3.Nf3 Bb4+ 4.Nbd2 O-O 5.a3 Bxd2+ 6.Qxd2 b6 7.g3 Bb7 8.Bg2 d6
9.O-O Nbd7 10.b3 Qe7 11.Bb2 Rfd8 12.Rad1 Rac8 13.d5 exd5 14.Nd4 c6 15.Nf5 Qf8
16.Qg5 Re8 17.e4 Rc7 18.Rfe1 dxe4 19.Rxd6 Re6 20.Red1 Rxd6 21.Rxd6 Ne8 22.Rd1 Nc5
23.Bxg7 Nxg7 24.Rd8 Ne6 25.Qxg7+ Nxg7 26.Nh6+  1-0

[Event "IV Shakkinet A"]
[Site "Helsinki FIN"]
[Date "2002.06.28"]
[Round "5"]
[White "Solozhenkin,E"]
[Black "Carlsen,M"]
[Result "1-0"]
[WhiteElo "2499"]
[BlackElo "2163"]

1.d4 Nf6 2.c4 e6 3.Nf3 Bb4+ 4.Nbd2 b6 5.a3 Bxd2+ 6.Bxd2 Bb7 7.Bg5 d6 8.e3 Nbd7
9.Qc2 c5 10.Rd1 Qc7 11.dxc5 Bxf3 12.gxf3 Qxc5 13.Rg1 Qc6 14.Be2 d5 15.Qb3 dxc4
16.Qxc4 Qxc4 17.Bxc4 Ne5 18.Bb5+ Ke7 19.Ke2 Rac8 20.f4 Rc2+ 21.Kf1 Nc6 22.Kg2 Rc8
23.b4 Nb8 24.Rd3 Rb2 25.Ba4 a6 26.Bd1 Nd7 27.Bf3 Rcc2 28.Bh4 Rd2 29.Rxd2 Rxd2
30.Rc1 Rd3 31.Ra1 a5 32.Bc6 Rc3 33.Bb5 Kd8 34.Kf3 Kc7 35.bxa5 bxa5 36.a4 Nd5
37.Rg1 g6 38.Rd1 Nc5 39.Bg5 Rc2 40.Be8 f6 41.Bh4 Rc4 42.Bg3 Kb6 43.Rb1+ Rb4
44.Rc1 Nc7 45.Bf7 N7a6 46.Rd1 Rxa4 47.Rd6+ Kb7 48.f5 gxf5 49.Bxe6 Nxe6 50.Rxe6 Rc4
51.Rxf6 Rc5 52.Rh6 a4 53.Bd6 Rd5 54.Rxh7+ Kc6 55.Bf8 Nc5 56.Ra7 Ne4 57.Bb4 Rd8
58.Ra5 Rb8 59.Rxa4 Rh8 60.Ra5 Rh3+ 61.Kg2 Rh5 62.f3  1-0

[Event "23rd Open"]
[Site "Bled SLO"]
[Date "2002.07.03"]
[Round "2"]
[White "Eljanov,P"]
[Black "Brkic,A"]
[Result "1-0"]
[WhiteElo "2561"]
[BlackElo "2351"]

1.Nf3 Nf6 2.c4 e6 3.d4 Bb4+ 4.Nbd2 b6 5.a3 Bxd2+ 6.Bxd2 Bb7 7.Bg5 d6 8.e3 Nbd7
9.Nd2 O-O 10.Bd3 c5 11.O-O Qc7 12.b4 Rac8 13.Bh4 Qb8 14.Bg3 Rfd8 15.Qe2 Qa8
16.f3 d5 17.dxc5 bxc5 18.Rfc1 Ba6 19.b5 Bb7 20.a4 a6 21.Nb3 dxc4 22.Bxc4 Bd5
23.bxa6 Rc6 24.e4 Bxc4 25.Qxc4 Rxa6 26.a5 Rc8 27.Qb5 Qc6 28.Qxc6 Rcxc6 29.Nd2 Nh5
30.Nc4 Nxg3 31.hxg3 Kf8 32.Kf2 Ke7 33.Ke3 f6 34.f4 Rc7 35.Rcb1 Rca7 36.Kd3 Kd8
37.Rb2 Kc7 38.Kc3 Ra8 39.Rd2 R8a7 40.Rad1 Kc8 41.e5 Rc6 42.Rd6 Rxd6 43.Rxd6 fxe5
44.fxe5 Nf8 45.Kb3 Kc7 46.a6 Ra8 47.Rb6 Nd7 48.Rb7+  1-0

[Event "Open"]
[Site "Oberwart AUT"]
[Date "2002.07.07"]
[Round "3"]
[White "Burmakin,V"]
[Black "Othman,A"]
[Result "1-0"]
[WhiteElo "2574"]
[BlackElo "2370"]

1.d4 Nf6 2.Nf3 e6 3.c4 Bb4+ 4.Nbd2 b6 5.a3 Bxd2+ 6.Bxd2 Bb7 7.Bg5 d6 8.e3 h6
9.Bh4 Nbd7 10.Nd2 Qe7 11.f3 g5 12.Bf2 e5 13.d5 e4 14.Nb3 a5 15.Nd4 a4 16.Be2 Nc5
17.f4 gxf4 18.exf4 Nd3+ 19.Bxd3 exd3+ 20.Kf1 Qe4 21.Qd2 O-O-O 22.Re1 Qg6
23.f5 Qg4 24.h3 Qh5 25.Qxd3 Rde8 26.Nf3 Ba6 27.Bd4 Rxe1+ 28.Kxe1 Re8+ 29.Kd1 Ng4
30.Re1 Ne5 31.Bxe5 dxe5 32.f6 c6 33.Qc2 Bb7 34.Qxa4 Rd8 35.Qc2 e4 36.Rxe4 Qg6
37.Rf4 Qg3 38.Rg4 Qd6 39.Qf5+ Kb8 40.Qe5 cxd5 41.Rg8 Ka7 42.Rxd8 Qxd8 43.cxd5 Qg8
44.g4 Qc8 45.Qd4 h5 46.Ne5 hxg4 47.hxg4 Qh8 48.Nc4 Qh1+ 49.Kd2 Bxd5 50.Nxb6 Qg2+
51.Kc3 Qg3+ 52.Kb4 Qd6+ 53.Ka5 Qc7 54.b4 Bc6 55.Qc5 Kb8 56.Qf8+  1-0

[Event "Dutch Open"]
[Site "Dieren NED"]
[Date "2002.07.13"]
[Round "5"]
[White "Safin,S"]
[Black "Peek,Mau"]
[Result "1-0"]
[WhiteElo "2525"]
[BlackElo "2275"]

1.d4 Nf6 2.c4 e6 3.Nf3 Bb4+ 4.Nbd2 b6 5.g3 Bb7 6.Bg2 O-O 7.O-O d5 8.a3 Be7
9.b4 a5 10.b5 dxc4 11.Nxc4 a4 12.Qc2 Be4 13.Qb2 c6 14.Bf4 Nd5 15.Bxb8 Qxb8
16.bxc6 Qc7 17.Rfc1 b5 18.Ncd2 Bxf3 19.Bxf3 Rab8 20.Qc2 Rfd8 21.Ne4 Rb6 22.Nc3 Nxc3
23.Qxc3 b4 24.axb4 Bxb4 25.Qc4 a3 26.d5 e5 27.Qd3 Ra8 28.Be4 g6 29.h4 Bd6
30.g4 Qe7 31.g5 Rab8 32.Qh3 Kg7 33.Qg4 h5 34.Qd7 Qxd7 35.cxd7 R6b7 36.Rc8 Rxd7
37.Rxb8 Bxb8 38.Rxa3 Bd6 39.Ra8 Bc5 40.Kg2 Be7 41.Kg3 Bd6 42.e3 Rc7 43.Kf3 Rd7
44.Bd3 Rb7 45.Ra6 Rd7 46.Bb5 Rd8 47.Ke4 Bc7 48.Ra7 Bd6 49.Bc6 Bc5 50.Rb7 Bd6
51.Kd3 Kf8 52.Kc4 Kg7 53.Ra7 Kf8 54.Kb5 Bb8 55.Rb7 Bd6 56.Kc4 Kg7 57.e4 Kg8
58.Ra7 Kf8 59.Kb5 Bb8 60.Ra8 Ke7 61.Ra6 Bc7 62.Bb7 Bb8 63.Kc5 Bd6+ 64.Kc6 Bb8
65.Ra8 Rd6+ 66.Kc5 Rd8 67.Kb6 Bd6 68.Ra4 Bb8 69.Bc6 Kd6 70.Kb5 Ke7 71.Kc4 f6
72.Rb4 fxg5 73.hxg5 Bc7 74.Rb7 Kd6 75.f4 Ba5 76.Rg7 exf4 77.Rxg6+ Ke7 78.e5 f3
79.d6+  1-0

[Event "Richard Aronow Mem"]
[Site "Philadelphia USA"]
[Date "2002.07.18"]
[Round "6"]
[White "Rogers,N"]
[Black "Adu,O"]
[Result "1/2-1/2"]
[WhiteElo "2354"]
[BlackElo "2263"]

1.d4 Nf6 2.c4 e6 3.Nf3 Bb4+ 4.Nbd2 b6 5.a3 Bxd2+ 6.Bxd2 Bb7 7.g3 a5 8.Bg2 d6
9.b4 axb4 10.axb4 Nbd7 11.O-O O-O 12.Qc2 Be4 13.Qb2 Qe7 14.Rfc1 h6 15.Bf1 Bb7
16.Be1 Rxa1 17.Rxa1 Ra8 18.Rxa8+ Bxa8 19.Qa3 Qd8 20.Nd2 e5 21.d5 b5  1/2-1/2

[Event "KB Czech Open"]
[Site "Pardubice CZE"]
[Date "2002.07.19"]
[Round "1"]
[White "Schlosser,P"]
[Black "Thorarinsson,P"]
[Result "1-0"]
[WhiteElo "2534"]
[BlackElo "2281"]

1.Nf3 Nf6 2.c4 e6 3.d4 Bb4+ 4.Nbd2 b6 5.a3 Bxd2+ 6.Bxd2 Bb7 7.Bg5 d6 8.e3 Nbd7
9.Bh4 O-O 10.Bd3 c5 11.O-O Qe7 12.b4 h6 13.Nd2 Rfc8 14.Re1 Qf8 15.Rb1 Bc6
16.dxc5 dxc5 17.b5 Bb7 18.Qc2 a5 19.Rbd1 Qe7 20.f4 Re8 21.Ne4 Rad8 22.Nd6 Ba8
23.Nxe8 Rxe8 24.Qc3 Nf8 25.Bxf6 gxf6 26.Bf1 f5 27.Re2 Nd7 28.Qe1 Nf6 29.Qh4 Kg7
30.Red2 Qb7 31.Rd8 Rxd8 32.Rxd8 Qe4 33.Qg3+ Kh7 34.Bd3 Qf3 35.a4  1-0

[Event "KB Czech Open"]
[Site "Pardubice CZE"]
[Date "2002.07.20"]
[Round "2"]
[White "Szeberenyi,A"]
[Black "Stocek,J"]
[Result "0-1"]
[WhiteElo "2395"]
[BlackElo "2555"]

1.d4 Nf6 2.Nf3 e6 3.c4 Bb4+ 4.Nbd2 d5 5.a3 Be7 6.g3 O-O 7.Bg2 b6 8.O-O Bb7
9.b3 Nbd7 10.Bb2 c5 11.Ne5 Rc8 12.Ndf3 dxc4 13.Nxc4 Rc7 14.dxc5 Nxc5 15.Be5 Rd7
16.Qc2 h6 17.b4 Be4 18.Qb2 Na4 19.Qb3 b5 20.Ne3 Qa8 21.Rac1 Rc8 22.Ba1 a6
23.Rfd1 Rxd1+ 24.Qxd1 Nb6 25.Ne5 Bxg2 26.Nxg2 Bd6 27.Ne3 Bxe5 28.Bxe5 Rxc1
29.Qxc1 Nfd5 30.Ng4 f6 31.Nxf6+ Nxf6 32.Bxf6 gxf6 33.Qxh6 Nd7 34.Qg6+ Kf8
35.Qh6+ Ke7 36.Qg7+ Kd6 37.h4 Qf8 38.Qh7 f5 39.h5 Qe7 40.Qh8 Qf8 41.Qd4+ Ke7
42.Qa7 Qc8 43.h6 Qc1+ 44.Kg2 Qc6+ 45.f3 Kf7 46.Qd4 Nf6 47.Qa7+ Nd7 48.Qd4 e5
49.Qh4 Qf6 50.Qh3 Nf8 51.h7 Ng6 52.e4 fxe4 53.fxe4 Kg7 54.Qh5 Kh8  0-1

[Event "Macedonian Open"]
[Site "Struga MKD"]
[Date "2002.07.21"]
[Round "2"]
[White "Andonovski,L"]
[Black "Andreeski,D"]
[Result "1-0"]
[WhiteElo "2337"]
[BlackElo "2105"]

1.d4 Nf6 2.c4 e6 3.Nf3 Bb4+ 4.Nbd2 d5 5.Qa4+ Nc6 6.a3 Bxd2+ 7.Bxd2 Ne4 8.Bf4 O-O
9.e3 Bd7 10.Qc2 a5 11.Bd3 f5 12.cxd5 exd5 13.Qb3 Be8 14.Qxb7 Rf7 15.Qb3 a4
16.Qc2 g5 17.Bxe4 gxf4 18.Bxf5 Qf6 19.Bd3 Rg7 20.O-O Bh5 21.Be2 Kh8 22.g3 Rag8
23.Kh1 fxe3 24.fxe3 Qh6 25.Nh4 Bxe2 26.Qxe2 Qe6 27.Rf4 Na5 28.Raf1 Nc4 29.Nf5 Rf7
30.R1f2 Rgf8 31.Qf3 Nxb2 32.Rxb2 Rxf5 33.Rxf5 Qxf5 34.Qxf5 Rxf5 35.Kg2 Rf6
36.Rb5 Rc6 37.Rxd5 Rc3 38.Kf3 Rxa3 39.Rd8+ Kg7 40.Rd7+ Kg6 41.Rxc7 h5 42.Kf4 Ra2
43.Rc6+ Kg7 44.Ra6 a3 45.Ke5  1-0

[Event "24th Politiken Cup"]
[Site "Copenhagen DEN"]
[Date "2002.07.23"]
[Round "8"]
[White "Palo,D"]
[Black "Adamski,J"]
[Result "1-0"]
[WhiteElo "2394"]
[BlackElo "2304"]

1.d4 Nf6 2.c4 e6 3.Nf3 Bb4+ 4.Nbd2 d5 5.e3 O-O 6.a3 Be7 7.Bd3 c5 8.dxc5 a5
9.Rb1 a4 10.cxd5 Qxd5 11.Bc2 Bd7 12.e4 Qxc5 13.e5 Ng4 14.Ne4 Qa5+ 15.Bd2 Qb5
16.Nd4 Qxe5 17.Qxg4 Qxd4 18.Bc3 f5 19.Qg3 f4 20.Qh3 Qb6 21.Ng5 h6 22.Qxh6 Qxf2+
23.Kxf2 Bc5+ 24.Ke1 Bf2+ 25.Kxf2 gxh6 26.Bh7+  1-0

[Event "Battle of Senta Open"]
[Site "Senta YUG"]
[Date "2002.07.23"]
[Round "7"]
[White "Vojinovic,G"]
[Black "Jesenski,T"]
[Result "1-0"]
[WhiteElo "2480"]
[BlackElo "2361"]

1.d4 Nf6 2.Nf3 e6 3.c4 Bb4+ 4.Nbd2 O-O 5.a3 Bxd2+ 6.Bxd2 b6 7.Bg5 Bb7 8.e3 d6
9.Qc2 Nbd7 10.Nd2 e5 11.d5 c6 12.dxc6 Bxc6 13.f3 Rc8 14.b4 b5 15.Qb2 Qb6
16.e4 Qb8 17.Be3 bxc4 18.Bxc4 Nb6 19.Ba6 Bb7 20.Bxb7 Qxb7 21.O-O Na4 22.Qb3 Rc3
23.Qxa4 Rxe3 24.Nc4 Rc3 25.Rac1 Rxc1 26.Rxc1 Rc8 27.Qd1 d5 28.exd5 Qxd5 29.Qxd5 Nxd5
30.Rd1 Nb6 31.Nxe5 f6 32.Nd7 Nc4 33.Rd3 Kf7 34.Nc5 Rc7 35.Rc3 Nb6 36.Na4 Rxc3
37.Nxc3 Ke6 38.Kf2 Ke5 39.Ke2 Kd4 40.Nb5+ Kc4 41.Nxa7 Kb3 42.Kd3 Kxa3 43.b5 Kb3
44.Kd4 Kb4 45.h4 h5 46.f4 Kb3 47.Kc5 Na4+ 48.Kd5 Kc3 49.Ke6 Kd4 50.Kf7 Ke4
51.Kxg7 Kxf4 52.Kxf6 Kg4 53.g3 Nb6 54.Kg6  1-0

[Event "Open"]
[Site "Bergen NOR"]
[Date "2002.07.24"]
[Round "5"]
[White "Stokke,K"]
[Black "Mork,K"]
[Result "1/2-1/2"]
[WhiteElo "2113"]
[BlackElo "2275"]

1.d4 Nf6 2.c4 e6 3.Nf3 Bb4+ 4.Nbd2 O-O 5.g3 d6 6.Bg2 Nc6 7.O-O Bxd2 8.Bxd2 Qe7
9.Qc2 a5 10.Rad1 e5 11.Bc3 Re8 12.dxe5 dxe5 13.b3 Bg4 14.h3 Bh5 15.Nh4 Qc5
16.g4 Bg6 17.Nxg6 hxg6 18.Qb2 Rad8 19.Bxc6 bxc6 20.Bd2 Ne4 21.Be3 Qe7 22.Kg2 f5
23.f3 Nd6 24.Bc5 f4 25.e4 fxe3 26.Bxe3 e4 27.f4 Nf7 28.Rd4 Rxd4 29.Qxd4 Rd8
30.Qc5 Qf6 31.Rf2 Rd3 32.Re2 g5 33.Qf5 Qxf5 34.gxf5 gxf4 35.Bxf4 Nd6 36.Bxd6 cxd6
37.Rxe4 Rd2+ 38.Kf3 Rxa2 39.Re6 Rb2 40.Rxd6 Rxb3+ 41.Kg4 a4 42.Rxc6 a3 43.Ra6 Rc3
44.c5 Rxc5 45.Rxa3 Kh7 46.Ra7 Kh6 47.Ra6+ Kh7 48.h4 Rc1 49.Rg6 Rg1+ 50.Kh5 Rf1
51.Rg5 Rxf5 52.Rxf5  1/2-1/2

[Event "24th Politiken Cup"]
[Site "Copenhagen DEN"]
[Date "2002.07.26"]
[Round "11"]
[White "Holm,S"]
[Black "Auchenberg,P"]
[Result "1/2-1/2"]
[WhiteElo "2321"]
[BlackElo "2006"]

1.d4 Nf6 2.c4 e6 3.Nf3 Bb4+ 4.Nbd2 b6 5.e3 Bb7 6.Bd3 O-O 7.O-O d5 8.Qe2 c5
9.Rd1 cxd4 10.exd4 Nc6 11.Nb3 dxc4 12.Bxc4 Ne7 13.a3 Bd6 14.Ne5 Bd5 15.Bg5 Bxc4
16.Qxc4 Ned5 17.Rac1 Rc8 18.Qa6 Rxc1 19.Rxc1 Qb8 20.Nf3 Bf4 21.Bxf4 Qxf4
22.Qxa7 g5 23.Qa6 g4 24.Ne5 Ne4 25.Qe2 h5 26.Re1 Ng5 27.Nd3 Qf5 28.Qe5 Qxe5
29.Rxe5 f6 30.Re2 Rc8 31.Kf1 Kf7 32.Re1 h4 33.Rc1 Rxc1+ 34.Nbxc1 h3 35.gxh3 Nxh3
36.Ne2 Ng5 37.Kg2 f5 38.a4 Ke7 39.Ng1 Kd6 40.h4 gxh3+ 41.Nxh3 Ne4 42.Kf1 Nd2+
43.Ke2  1/2-1/2

[Event "6th HZ Open"]
[Site "Vlissingen NED"]
[Date "2002.08.05"]
[Round "3"]
[White "Bodicker,R"]
[Black "Ikonnikov,V"]
[Result "0-1"]
[WhiteElo "2159"]
[BlackElo "2527"]

1.d4 Nf6 2.c4 e6 3.Nf3 Bb4+ 4.Nbd2 O-O 5.a3 Be7 6.e4 d5 7.Bd3 c5 8.dxc5 Bxc5
9.O-O Be7 10.Qc2 dxe4 11.Nxe4 Nxe4 12.Bxe4 f5 13.Bd3 Nc6 14.Re1 Qc7 15.Bg5 Bxg5
16.Nxg5 h6 17.Nf3 e5 18.Bf1 e4 19.Nd2 Be6 20.Qc3 Rad8 21.Rad1 Ne5 22.h3 Nd3
23.Re3 Nf4 24.Rde1 Rf7 25.f3 Rfd7 26.Nb3 Nd3 27.Bxd3 Rxd3 28.Rxd3 Rxd3 29.Qb4 Qg3  0-1